000 00509pab a2200181 454500
008 180718b2013 xxu||||| |||| 00| 0 eng d
100 _aBhaumik, Sankar Kumar
245 _aThe changing employment scenarios in rural India in the era of economic reforms
260 _c2013
300 _ap.349-371.
362 _aJul-Sep
650 _aEconomic reform - India
650 _aEmployment - India
650 _aEmployment
773 _aIndian Journal of Labour Economics
908 _aN
909 _a102929
999 _c102927
_d102927